[Event "OLSW 1718 Gambit Saarbrücken - SK Landa"]
[Site "?"]
[Date "2018.02.04"]
[Round "8.3"]
[White "Baerwinkel, Tobias"]
[Black "Erhardt, Michael"]
[Result "1/2-1/2"]
[WhiteElo "2356"]
[BlackElo "2094"]
[PlyCount "147"]
[EventDate "2018.??.??"]

1. Nf3 Nf6 2. c4 e6 3. g3 d5 4. b3 Be7 5. Bg2 O-O 6. O-O c5 7. e3 Nc6 8. Bb2 b6
9. Nc3 Bb7 10. cxd5 exd5 11. d4 Ba6 12. Re1 c4 13. Ne5 Na5 14. Ng4 Nxg4 15.
Qxg4 Bb7 16. Qh5 g6 17. Qd1 Rc8 18. Rc1 Bb4 19. e4 dxe4 20. Bxe4 Bxe4 21. Rxe4
cxb3 22. axb3 Bxc3 23. Bxc3 Qd5 24. Re5 Qxb3 25. Bxa5 Qxd1+ 26. Rxd1 bxa5 27.
Rxa5 Rc7 28. Kg2 Rd8 29. Kf3 Rd6 30. Rd2 Re7 31. g4 h6 32. h4 Kg7 33. Rd3 Rf6+
34. Kg3 Rd6 35. h5 gxh5 36. Rxh5 Re4 37. Ra5 Rexd4 38. Rxd4 Rxd4 39. Rxa7 Rb4
40. Ra5 Rc4 41. f4 Rc1 42. Kf3 Rf1+ 43. Ke4 Re1+ 44. Kf3 Rf1+ 45. Kg3 Rg1+ 46.
Kh3 Rh1+ 47. Kg2 Rb1 48. Ra6 Rc1 49. Ra3 Rb1 50. Kg3 Rg1+ 51. Kh4 Rh1+ 52. Rh3
Ra1 53. Kh5 Rf1 54. f5 Rf2 55. Kh4 Rf1 56. Kg3 Ra1 57. Rh2 Ra3+ 58. Kh4 Rf3 59.
Rb2 Rf1 60. Rb4 Rf3 61. Rc4 Kf6 62. Rc6+ Kg7 63. Rb6 Ra3 64. g5 hxg5+ 65. Kxg5
Rg3+ 66. Kh5 Rh3+ 67. Kg5 Rg3+ 68. Kf4 Rg1 69. Rb3 Kf6 70. Rb6+ Kg7 71. Rb3 Kf6
72. Rb6+ Kg7 73. Rb3 Kf6 74. Rb6+ 1/2-1/2

[Event "OLSW 1718 Gambit Saarbrücken - SK Landa"]
[Site "?"]
[Date "2018.02.04"]
[Round "8.4"]
[White "Gross, Georg"]
[Black "Silber, Henning"]
[Result "1-0"]
[WhiteElo "2229"]
[BlackElo "2314"]
[PlyCount "89"]
[EventDate "2018.??.??"]

1. d4 d5 2. Nf3 e6 3. g3 c5 4. Bg2 Nc6 5. O-O Nf6 6. c4 Be7 7. cxd5 exd5 8.
dxc5 Bxc5 9. Qc2 Be7 10. Rd1 O-O 11. Nc3 Qa5 12. Be3 Be6 13. a3 Ng4 14. Bf4 Qc5
15. e3 a5 16. Rac1 Rfd8 17. Qe2 Qb6 18. Na4 Qa7 19. Bc7 Rd7 20. Bb6 Qb8 21. Bc5
Bd8 22. Nb6 Bxb6 23. Bxb6 h6 24. Nd4 Nge5 25. Nxe6 fxe6 26. f4 Nf7 27. e4 Ne7
28. Bh3 Qd6 29. Bc5 Qa6 30. Qg4 Nd8 31. exd5 Nxd5 32. Qg6 Rf7 33. Bf1 Qc6 34.
Bd4 Qa4 35. b3 Qxb3 36. Bd3 Rc8 37. Bxg7 Qxd3 38. Qxd3 Rxc1 39. Rxc1 Kxg7 40.
Qd4+ Rf6 41. Rc8 Nf7 42. f5 Ne7 43. fxe6 Ng5 44. Qd7 Rxe6 45. h4 1-0

[Event "OLSW 1718 Gambit Saarbrücken - SK Landa"]
[Site "?"]
[Date "2018.02.04"]
[Round "8.5"]
[White "Bernhardt, Rolf"]
[Black "Forthoffer, Patrick"]
[Result "1/2-1/2"]
[WhiteElo "2219"]
[BlackElo "2187"]
[PlyCount "140"]
[EventDate "2018.??.??"]

1. e4 Nc6 2. d4 d5 3. Nc3 dxe4 4. d5 Ne5 5. Bf4 Ng6 6. Bg3 a6 7. h4 e5 8. dxe6
Bxe6 9. Qxd8+ Rxd8 10. h5 N6e7 11. Nxe4 Nf5 12. Bxc7 Rc8 13. Be5 Nge7 14. g4
Nc6 15. gxf5 Bd5 16. Bg2 Nxe5 17. O-O-O Bxe4 18. Bxe4 Rb8 19. Nf3 Ng4 20. Rhe1
Be7 21. Re2 O-O 22. Rg1 Nh6 23. Bd3 Bf6 24. Ne5 Rfd8 25. Rge1 Kf8 26. f3 Rd4
27. f4 Bh4 28. Rg1 Rbd8 29. Be4 Rb4 30. c3 Rb6 31. Rd1 Rxd1+ 32. Kxd1 Rd6+ 33.
Rd2 Rxd2+ 34. Kxd2 b5 35. b4 Bd8 36. Bb7 Nxf5 37. Bxa6 Nd6 38. Kd3 f6 39. Nc6
Bb6 40. c4 bxc4+ 41. Bxc4 g5 42. hxg6 hxg6 43. a4 Nxc4 44. Kxc4 Ke8 45. a5 Kd7
46. Kd5 Be3 47. a6 Kc7 48. Ke4 Bg1 49. Ne7 Kb6 50. Nxg6 Kxa6 51. f5 Kb5 52. Kd5
Kxb4 53. Nf4 Bh2 54. Nh5 Bc7 55. Nxf6 Bd8 56. Ke6 Kc4 57. Nd5 Bh4 58. Ne7 Kd3
59. Ng6 Bg5 60. Ke5 Ke3 61. Nf8 Kf3 62. Ke6 Kg4 63. Nh7 Be7 64. Nf6+ Kg5 65.
Ne4+ Kg4 66. Nf6+ Kg5 67. Nd5 Bd8 68. Ne3 Kh5 69. Kd7 Bg5 70. Nd5 Kh6 1/2-1/2

[Event "OLSW 1718 Gambit Saarbrücken - SK Landa"]
[Site "?"]
[Date "2018.02.04"]
[Round "8.6"]
[White "Haenssel, Christian"]
[Black "Moeldner, Juergen"]
[Result "1/2-1/2"]
[WhiteElo "2090"]
[BlackElo "2223"]
[PlyCount "85"]
[EventDate "2018.??.??"]

1. c4 c5 2. g3 Nf6 3. Bg2 e6 4. Nc3 d5 5. cxd5 exd5 6. Qb3 c4 7. Qd1 Na6 8. b3
d4 9. Na4 Bf5 10. bxc4 Qa5 11. Nf3 O-O-O 12. O-O Nb4 13. d3 Bd7 14. Nb2 Bc6 15.
a3 Na6 16. e3 dxe3 17. Bxe3 Qc3 18. Qd2 Qxd2 19. Nxd2 Bxg2 20. Kxg2 Nc5 21. d4
Ng4 22. Rad1 Ne6 23. Nb1 Be7 24. h3 Nxe3+ 25. fxe3 f6 26. Nd3 Rhe8 27. Nb4 Nc7
28. Rfe1 a5 29. Nd3 Rd6 30. c5 Rd7 31. Nc3 Bd8 32. a4 Nd5 33. Nxd5 Rxd5 34. Nf4
Rd7 35. d5 Re4 36. Ne6 Rxa4 37. c6 Ra2+ 38. Kf3 bxc6 39. dxc6 Rdd2 40. Rxd2
Rxd2 41. Ke4 Be7 42. Nxg7 a4 43. Rb1 1/2-1/2

[Event "OLSW 1718 Gambit Saarbrücken - SK Landa"]
[Site "?"]
[Date "2018.02.04"]
[Round "8.7"]
[White "Schatz, Dieter"]
[Black "Dr. Vogel, Christian"]
[Result "1/2-1/2"]
[WhiteElo "2138"]
[BlackElo "2191"]
[PlyCount "64"]
[EventDate "2018.??.??"]

1. e4 g6 2. Nc3 Bg7 3. g3 c6 4. Bg2 e5 5. Nge2 Ne7 6. d4 O-O 7. dxe5 Bxe5 8.
O-O d6 9. Bg5 Bg7 10. Qd2 f5 11. Rad1 fxe4 12. Nxe4 d5 13. c4 Nd7 14. cxd5 cxd5
15. Bxe7 Qxe7 16. Qxd5+ Kh8 17. N2c3 Ne5 18. Nd6 Bg4 19. f3 Be6 20. Qxb7 Qxb7
21. Nxb7 Rab8 22. Nc5 Bc4 23. Rf2 Ng4 24. Rfd2 Ne3 25. Rc1 Rfd8 26. Rxd8+ Rxd8
27. N5e4 Bd4 28. Kh1 Bd3 29. Nd1 Nf5 30. Ndc3 Ne3 31. Nd1 Nf5 32. Ndc3 Ne3
1/2-1/2

[Event "OLSW 1718 Gambit Saarbrücken - SK Landa"]
[Site "?"]
[Date "2018.02.04"]
[Round "8.8"]
[White "Etienne, Eric"]
[Black "Wolfer, Joshua"]
[Result "0-1"]
[WhiteElo "2050"]
[BlackElo "1847"]
[PlyCount "128"]
[EventDate "2018.??.??"]

1. d4 Nf6 2. Bf4 b6 3. e3 Bb7 4. Nd2 d6 5. Ngf3 Nbd7 6. h3 g6 7. Bc4 Bg7 8. O-O
O-O 9. Re1 e5 10. dxe5 dxe5 11. Nxe5 Ne4 12. Nxd7 Qxd7 13. Nxe4 Qxd1 14. Raxd1
Bxe4 15. c3 c6 16. f3 Bf5 17. Rd6 b5 18. Bb3 Rac8 19. g4 g5 20. Bg3 Bg6 21. f4
Be4 22. fxg5 a5 23. Rd7 a4 24. Bd1 Rfd8 25. Rd4 Bxd4 26. exd4 Re8 27. Be5 Bd5
28. a3 c5 29. Kf2 cxd4 30. Bxd4 Rxe1 31. Kxe1 Re8+ 32. Kf2 Bc4 33. Bf3 Re6 34.
h4 Kf8 35. Bh8 Ke7 36. Bd4 Kd6 37. Bg7 Re8 38. Bd4 Bd3 39. Be3 Be4 40. Be2 Kc6
41. Bd4 Rb8 42. Ke3 Kd5 43. Bxb5 Rxb5 44. c4+ Kxc4 45. Kxe4 Rd5 46. Be5 Rd2 47.
h5 Re2+ 48. Kf4 Kd5 49. Bc3 Rf2+ 50. Ke3 Rh2 51. Kf4 Kc4 52. Ke5 Rf2 53. Kd6
Re2 54. Bf6 Re6+ 55. Kd7 Kd5 56. Be7 Rb6 57. Bb4 Rb7+ 58. Ke8 Ke6 59. Kf8 f5
60. gxf6 Kxf6 61. Kg8 Kg5 62. Bd2+ Kxg4 63. h6 Kh5 64. Bf4 Kg6 0-1

[Event "OLSW 1718 SC Heimbach-Weis N - SV Worms"]
[Site "?"]
[Date "2018.02.04"]
[Round "8.1"]
[White "Nasshan, Dennis"]
[Black "Winterberg, Lukas"]
[Result "1/2-1/2"]
[WhiteElo "2356"]
[BlackElo "2384"]
[PlyCount "83"]
[EventDate "2018.??.??"]

1. Nf3 Nf6 2. c4 e6 3. g3 d5 4. d4 Be7 5. Bg2 O-O 6. O-O c6 7. Qc2 b6 8. Rd1
Nbd7 9. Nc3 Ba6 10. Ne5 Nxe5 11. dxe5 Nd7 12. cxd5 cxd5 13. e4 d4 14. Rxd4 Qc7
15. Bf4 Rad8 16. Rad1 Nc5 17. Rxd8 Rxd8 18. Rxd8+ Qxd8 19. Qd2 Qxd2 20. Bxd2
Nd7 21. f4 Bc5+ 22. Kh1 Bd4 23. b4 Bc4 24. a3 b5 25. Bf3 Nb6 26. Kg2 a6 27. Nd1
Bb3 28. Bc1 Nc4 29. Kf1 a5 30. bxa5 Nxa5 31. Ne3 Ba4 32. Bd2 Nb3 33. Ke2 Nxd2
34. Kxd2 Bc5 35. Nc2 Bg1 36. h3 Bh2 37. Nd4 Bxg3 38. Ne2 Bh4 39. Nc3 Be7 40.
Nxa4 bxa4 41. Bd1 Bxa3 42. Bxa4 1/2-1/2

[Event "OLSW 1718 SC Heimbach-Weis N - SV Worms"]
[Site "?"]
[Date "2018.02.04"]
[Round "8.2"]
[White "Boidman, Yuri"]
[Black "Heider, Martin"]
[Result "1-0"]
[WhiteElo "2347"]
[BlackElo "2383"]
[PlyCount "73"]
[EventDate "2018.??.??"]

1. d4 Nf6 2. c4 e6 3. Nc3 Bb4 4. e3 b6 5. Nf3 Bb7 6. Be2 O-O 7. O-O c5 8. Nb5
cxd4 9. Nbxd4 Be7 10. b3 d6 11. Bb2 Nbd7 12. Nd2 a6 13. Bf3 d5 14. Rc1 Ne5 15.
Be2 Bd6 16. f4 Ned7 17. cxd5 Nxd5 18. Nc4 Bc5 19. e4 N5f6 20. e5 Nd5 21. Qd2
Bb4 22. Qd3 Qh4 23. g3 Qh3 24. Bf3 Rfd8 25. a3 Bf8 26. Qe2 Rab8 27. b4 Rbc8 28.
f5 exf5 29. e6 fxe6 30. Qxe6+ Kh8 31. Bxd5 Bxd5 32. Qxd5 Nc5 33. Qf3 Ne4 34.
Nxf5 Rxc4 35. Ne3 Bc5 36. Rxc4 Nd2 37. Bxg7+ 1-0

[Event "OLSW 1718 SC Heimbach-Weis N - SV Worms"]
[Site "?"]
[Date "2018.02.04"]
[Round "8.3"]
[White "Ollenberger, Roland"]
[Black "Schulz, Klaus-Juergen"]
[Result "1/2-1/2"]
[WhiteElo "2298"]
[BlackElo "2338"]
[PlyCount "81"]
[EventDate "2018.??.??"]

1. e4 c5 2. Nc3 Nc6 3. Bb5 g6 4. Nf3 Bg7 5. O-O Nd4 6. Bc4 d6 7. Nxd4 cxd4 8.
Qf3 Nf6 9. Ne2 Qb6 10. h3 O-O 11. d3 Nd7 12. Qg3 Ne5 13. Bb3 Nc6 14. Nf4 Qc5
15. Bd2 e6 16. Ne2 Bd7 17. Rac1 Qe5 18. Bf4 Qh5 19. f3 e5 20. Bd2 Be6 21. Bxe6
fxe6 22. Qg4 Qxg4 23. hxg4 Rfd8 24. Kf2 d5 25. Ng3 Rd7 26. Ke2 Rc8 27. Rfd1 Bf8
28. c4 dxc3 29. bxc3 b5 30. Rb1 Rb8 31. Be3 Rdb7 32. Nf1 b4 33. exd5 exd5 34.
c4 dxc4 35. dxc4 b3 36. axb3 Rxb3 37. Nd2 Rxb1 38. Rxb1 Rxb1 39. Nxb1 Bb4 40.
Kd3 Kf7 41. Nc3 1/2-1/2

[Event "OLSW 1718 SC Heimbach-Weis N - SV Worms"]
[Site "?"]
[Date "2018.02.04"]
[Round "8.4"]
[White "Philipowski, Robert"]
[Black "Dausch, Rene"]
[Result "1/2-1/2"]
[WhiteElo "2274"]
[BlackElo "2263"]
[PlyCount "85"]
[EventDate "2018.??.??"]

1. e4 c5 2. Nf3 Nc6 3. Bb5 Nf6 4. Nc3 a6 5. Bxc6 dxc6 6. O-O Qc7 7. a4 a5 8. d3
e5 9. Nd2 Bg4 10. Qe1 Be6 11. Nc4 Bxc4 12. dxc4 Bd6 13. Qe2 Nd7 14. Qg4 g6 15.
Bh6 O-O-O 16. Rad1 Kb8 17. Rd3 Nf8 18. Bxf8 Rhxf8 19. Rfd1 Be7 20. Qh3 Rxd3 21.
Rxd3 Bf6 22. Rd7 Qc8 23. Qd3 Rd8 24. Qd6+ Ka8 25. Rxd8 Qxd8 26. Qxd8+ Bxd8 27.
Ne2 Be7 28. Nc1 Kb8 29. Nd3 Bd6 30. g3 Kc7 31. Kg2 Kd7 32. f4 exf4 33. gxf4 f6
34. Kf3 b6 35. h3 Ke6 36. Kg4 Be7 37. f5+ gxf5+ 38. exf5+ Kd6 39. Kf4 Bf8 40.
Nf2 Bh6+ 41. Ke4 Bg5 42. Ng4 Ke7 43. b3 1/2-1/2

[Event "OLSW 1718 SC Heimbach-Weis N - SV Worms"]
[Site "?"]
[Date "2018.02.04"]
[Round "8.5"]
[White "Steinkohl, Thomas"]
[Black "Roos, Thomas"]
[Result "1-0"]
[WhiteElo "2199"]
[BlackElo "2223"]
[PlyCount "53"]
[EventDate "2018.??.??"]

1. e4 c5 2. Nf3 d6 3. d4 cxd4 4. Nxd4 Nf6 5. Nc3 Nc6 6. Bc4 e6 7. Bb3 Be7 8.
Be3 O-O 9. Qe2 Bd7 10. O-O-O Qb8 11. Rhg1 Nxd4 12. Bxd4 b5 13. g4 Ne8 14. g5 g6
15. f4 a5 16. a4 Nc7 17. f5 b4 18. f6 Bd8 19. Nb1 h5 20. gxh6 Kh7 21. Bc5 Ne8
22. e5 Bb6 23. Bxb6 Qxb6 24. Nd2 Bc6 25. Ne4 Bxe4 26. Qxe4 dxe5 27. Qxa8 1-0

[Event "OLSW 1718 SC Heimbach-Weis N - SV Worms"]
[Site "?"]
[Date "2018.02.04"]
[Round "8.6"]
[White "Jahn, Peter"]
[Black "Helbig, Daniel"]
[Result "0-1"]
[WhiteElo "2058"]
[BlackElo "2183"]
[PlyCount "132"]
[EventDate "2018.??.??"]

1. d4 Nf6 2. Nf3 g6 3. c4 Bg7 4. e3 O-O 5. Be2 d6 6. O-O Na6 7. Nc3 c5 8. a3
Bf5 9. dxc5 Nxc5 10. Nd4 Qd7 11. b4 Nce4 12. Nxe4 Bxe4 13. f3 Bf5 14. e4 Be6
15. Nxe6 Qxe6 16. Bb2 Rfc8 17. Qd2 Rc7 18. Bxf6 Qxf6 19. Ra2 Qe5 20. Rd1 a5 21.
b5 Rc5 22. Bf1 Qh5 23. Qf2 Rac8 24. Rad2 Qe5 25. a4 Qc3 26. Rc2 Qb3 27. Qd2
Qxa4 28. Rb1 Bh6 29. Qd3 e6 30. Rc3 d5 31. exd5 exd5 32. Ra3 Qxc4 33. Rxa5 Qxd3
34. Bxd3 Rc3 35. Rd1 Rd8 36. Kf1 Be3 37. Ke2 Bb6 38. Ra2 Kg7 39. Ke1 Re8+ 40.
Re2 Re6 41. Kf1 Rb3 42. Rc2 Re3 43. Be2 d4 44. Rcd2 Bc5 45. Rd3 Kf6 46. Rxb3
Rxb3 47. Bd3 h5 48. g3 Rb2 49. Be2 g5 50. Rc1 b6 51. Rd1 h4 52. Ke1 Ke5 53. Kf1
f5 54. Ke1 g4 55. fxg4 hxg3 56. hxg3 fxg4 57. Bxg4 Rxb5 58. Bf3 Rb3 59. Ke2
Re3+ 60. Kf2 d3 61. Re1 Re2+ 62. Kf1 Rxe1+ 63. Kxe1 Be3 64. Bc6 Kd4 65. Bb5 Kc3
66. Ba6 Kc2 0-1

[Event "OLSW 1718 SC Heimbach-Weis N - SV Worms"]
[Site "?"]
[Date "2018.02.04"]
[Round "8.7"]
[White "Dauenheimer, Torsten"]
[Black "Spreemann, Ralf"]
[Result "1/2-1/2"]
[WhiteElo "2193"]
[BlackElo "2041"]
[PlyCount "46"]
[EventDate "2018.??.??"]

1. d4 g6 2. e4 Bg7 3. Nc3 c5 4. dxc5 Bxc3+ 5. bxc3 Nf6 6. Bd3 Qa5 7. Ne2 Qxc5
8. O-O O-O 9. c4 d6 10. Nc3 Bg4 11. Qe1 Nbd7 12. Rb1 b6 13. Be3 Qc7 14. Nd5
Nxd5 15. cxd5 Nc5 16. Bd4 e5 17. dxe6 Bxe6 18. a3 Rae8 19. Qc3 f5 20. exf5 Bxf5
21. Rfe1 Bxd3 22. cxd3 Qf7 23. Be3 Re6 1/2-1/2

[Event "OLSW 1718 SC Heimbach-Weis N - SV Worms"]
[Site "?"]
[Date "2018.02.04"]
[Round "8.8"]
[White "Fink, Christian"]
[Black "Martin, Mike"]
[Result "0-1"]
[WhiteElo "2121"]
[BlackElo "2141"]
[PlyCount "102"]
[EventDate "2018.??.??"]

1. e4 c5 2. Nc3 e6 3. Nf3 a6 4. g3 Nc6 5. Bg2 d6 6. O-O Nf6 7. d3 Be7 8. Ng5 h6
9. Nh3 Bd7 10. f4 Qc7 11. Be3 Nd4 12. Nf2 Bc6 13. Rc1 Qb6 14. b3 Qa5 15. Bxd4
cxd4 16. Ne2 e5 17. c3 dxc3 18. Nxc3 O-O 19. d4 exd4 20. Qxd4 Rfe8 21. Bf3 Bd8
22. b4 Bb6 23. Qxf6 Qxb4 24. Qh4 Qb2 25. g4 Be3 26. Ne2 Bxe4 27. Kg2 Qxe2 28.
Bxe4 Bxc1 29. Bd3 Qb2 30. g5 Be3 31. gxh6 Bxf2 32. Rxf2 Qf6 33. Qxf6 gxf6 34.
Kf3 Rac8 35. Bc2 Kh8 36. Kg4 Rg8+ 37. Kh4 Rc5 38. h7 Rg7 39. Rd2 f5 40. Bd3 Rc3
41. h3 Kxh7 42. Bc2 Rc5 43. a4 Rg6 44. Bd1 Rc4 45. Rf2 f6 46. a5 Rc3 47. Bf3 d5
48. Rf1 Re3 49. Rf2 d4 50. Rg2 Rxg2 51. Bxg2 d3 0-1

[Event "OLSW 1718 SK Landau - SC Heimbach-Weis "]
[Site "?"]
[Date "2018.02.25"]
[Round "9.1"]
[White "Winterberg, Lukas"]
[Black "Lang, Torsten"]
[Result "1-0"]
[WhiteElo "2384"]
[BlackElo "2333"]
[PlyCount "63"]
[EventDate "2018.??.??"]

1. d4 g6 2. c4 Bg7 3. Nf3 d6 4. g3 Nf6 5. Bg2 O-O 6. Nc3 a6 7. O-O Nc6 8. Bf4
Rb8 9. Rc1 b5 10. Nd5 bxc4 11. Nxf6+ Bxf6 12. Rxc4 Na5 13. Ra4 Rb5 14. d5 c5
15. b3 Qb6 16. Bd2 Bd7 17. Qe1 Nb7 18. Rf4 Bg7 19. Rh4 Rc8 20. Bc3 Bxc3 21.
Qxc3 Rb4 22. e4 Qd8 23. Ng5 h5 24. f4 Qb6 25. f5 c4+ 26. Kh1 cxb3 27. fxg6 f6
28. Qf3 Bg4 29. Rxg4 hxg4 30. Qxg4 fxg5 31. Qe6+ Kh8 32. Qh3+ 1-0

[Event "OLSW 1718 SK Landau - SC Heimbach-Weis "]
[Site "?"]
[Date "2018.02.25"]
[Round "9.2"]
[White "Silber, Henning"]
[Black "Boidman, Yuri"]
[Result "1-0"]
[WhiteElo "2314"]
[BlackElo "2347"]
[PlyCount "65"]
[EventDate "2018.??.??"]

1. e4 c5 2. c3 d5 3. exd5 Qxd5 4. d4 Nc6 5. Nf3 e6 6. Be2 Nf6 7. O-O cxd4 8.
cxd4 Be7 9. Nc3 Qd6 10. Nb5 Qd8 11. Bf4 Nd5 12. Bg3 O-O 13. Bc4 a6 14. Bxd5
axb5 15. Be4 Bf6 16. Be5 Bd7 17. Qd3 h6 18. Bxf6 gxf6 19. Qe3 Kg7 20. Rfd1 f5
21. d5 fxe4 22. dxc6 exf3 23. Rxd7 Qf6 24. cxb7 Rad8 25. Rad1 Qxb2 26. Qxf3
Rxd7 27. Rxd7 Qf6 28. Qg3+ Qg6 29. Rd6 Kf6 30. Qxg6+ fxg6 31. Rb6 Rb8 32. Rxb5
Ke7 33. Kf1 1-0

[Event "OLSW 1718 SK Landau - SC Heimbach-Weis "]
[Site "?"]
[Date "2018.02.25"]
[Round "9.3"]
[White "Schulz, Klaus-Juergen"]
[Black "Bernhardt, Rolf"]
[Result "0-1"]
[WhiteElo "2338"]
[BlackElo "2219"]
[PlyCount "60"]
[EventDate "2018.??.??"]

1. d4 f5 2. Nf3 Nf6 3. g3 g6 4. Bg2 Bg7 5. O-O O-O 6. Nbd2 d6 7. Re1 Ne4 8.
Nxe4 fxe4 9. Ng5 d5 10. f3 h6 11. Nh3 g5 12. c3 e5 13. dxe5 Bxe5 14. fxe4 d4
15. Qb3+ Kg7 16. cxd4 Qxd4+ 17. e3 Qb6 18. Qc2 Nc6 19. Nf2 Nb4 20. Qe2 Bd7 21.
a4 Rad8 22. Rd1 Be6 23. Rxd8 Rxd8 24. Bd2 Nc2 25. Rc1 Bb3 26. Nd3 Bc4 27. Bc3
Bxc3 28. Qxc2 Rxd3 29. bxc3 Qxe3+ 30. Qf2 Qxc1+ 0-1

[Event "OLSW 1718 SK Landau - SC Heimbach-Weis "]
[Site "?"]
[Date "2018.02.25"]
[Round "9.4"]
[White "Vogel, Johannes"]
[Black "Philipowski, Robert"]
[Result "0-1"]
[WhiteElo "2123"]
[BlackElo "2274"]
[PlyCount "132"]
[EventDate "2018.??.??"]

1. d4 d5 2. c4 c6 3. Nf3 Nf6 4. Nc3 e6 5. Bg5 Nbd7 6. cxd5 exd5 7. e3 Be7 8.
Bd3 O-O 9. Qc2 Re8 10. O-O Nf8 11. Rae1 Ng6 12. Ne5 Ng4 13. Bxe7 Qxe7 14. f4
N4xe5 15. dxe5 Nf8 16. e4 d4 17. Ne2 Rd8 18. Ng3 g6 19. Qd2 c5 20. f5 Nd7 21.
e6 fxe6 22. fxg6 Ne5 23. gxh7+ Kh8 24. b3 Bd7 25. Be2 Rf8 26. Qh6 b5 27. Nh5 c4
28. Nf6 d3 29. Bh5 d2 30. Re3 Qg7 31. Qxg7+ Kxg7 32. Rg3+ Kh8 33. Rg8+ Rxg8 34.
hxg8=Q+ Rxg8 35. Nxg8 c3 36. Bd1 Kxg8 37. Kf2 Ng4+ 38. Ke2 b4 39. Rf4 Bb5+ 40.
Kf3 Nxh2+ 41. Kf2 Bd3 42. Ke3 Bb1 43. e5 a5 44. g3 Bxa2 45. Bc2 Bb1 46. Bd1 Kg7
47. Rf2 c2 48. Kxd2 cxd1=Q+ 49. Kxd1 Ng4 50. Rb2 Be4 51. Ra2 Bd5 52. Kc2 Nxe5
53. Rxa5 Nc6 54. Ra6 Kf6 55. Kd3 Kf5 56. Ke3 Kg4 57. Ra8 Bxb3 58. Rg8+ Kf5 59.
Rf8+ Kg6 60. g4 Bd5 61. Rf1 b3 62. Kf4 Na5 63. Rb1 Nb7 64. Ke5 Nc5 65. Rd1 b2
66. Kd4 Na4 0-1

[Event "OLSW 1718 SK Landau - SC Heimbach-Weis "]
[Site "?"]
[Date "2018.02.25"]
[Round "9.5"]
[White "Ronge, Tim Hendrik"]
[Black "Moeldner, Juergen"]
[Result "1/2-1/2"]
[WhiteElo "2109"]
[BlackElo "2223"]
[PlyCount "77"]
[EventDate "2018.??.??"]

1. d4 Nf6 2. Bg5 e6 3. e4 h6 4. Bxf6 Qxf6 5. c3 d6 6. Bd3 g6 7. Ne2 Bg7 8. O-O
O-O 9. f4 Qe7 10. f5 exf5 11. exf5 g5 12. Ng3 Nd7 13. Kh1 d5 14. Nh5 Nf6 15.
Nd2 Bd7 16. Nxf6+ Bxf6 17. Nf3 Rae8 18. Qc2 Qd6 19. Rae1 c5 20. Qf2 cxd4 21.
cxd4 Rxe1 22. Rxe1 Re8 23. Rxe8+ Bxe8 24. Qe2 Bc6 25. g3 Qb4 26. Qf2 Kg7 27. g4
Qa4 28. b3 Qb4 29. h4 Qc3 30. hxg5 hxg5 31. Qc2 Qb4 32. Qc1 a5 33. Kg2 a4 34.
Qc5 Qxc5 35. dxc5 a3 36. Kf2 Kf8 37. Ke3 Bb2 38. Nd4 Ke7 39. Nxc6+ 1/2-1/2

[Event "OLSW 1718 SK Landau - SC Heimbach-Weis "]
[Site "?"]
[Date "2018.02.25"]
[Round "9.6"]
[White "Koehler, Patrick"]
[Black "Roos, Thomas"]
[Result "1/2-1/2"]
[WhiteElo "2122"]
[BlackElo "2223"]
[PlyCount "26"]
[EventDate "2018.??.??"]

1. d4 Nf6 2. c4 d6 3. Nc3 Nbd7 4. e4 e5 5. Nf3 Be7 6. Be2 O-O 7. h3 c6 8. Be3
a6 9. O-O b5 10. b4 Bb7 11. cxb5 axb5 12. Qb3 exd4 13. Nxd4 g6 1/2-1/2

[Event "OLSW 1718 SK Landau - SC Heimbach-Weis "]
[Site "?"]
[Date "2018.02.25"]
[Round "9.7"]
[White "Schaefer, Jochen"]
[Black "Karpa, Adrian"]
[Result "1-0"]
[WhiteElo "2142"]
[BlackElo "1931"]
[PlyCount "75"]
[EventDate "2018.??.??"]

1. d4 f5 2. Nf3 Nf6 3. g3 g6 4. Bg2 Bg7 5. c4 O-O 6. Nc3 d6 7. O-O c6 8. Qc2
Qc7 9. d5 Na6 10. Rd1 cxd5 11. cxd5 Ne4 12. Nd4 Nxc3 13. bxc3 Bd7 14. Bg5 Nc5
15. Qd2 Rac8 16. Rdc1 Na4 17. Rc2 Qb6 18. Be3 Qa5 19. Rac1 Nb6 20. Nb3 Qa6 21.
Bd4 Nc4 22. Qg5 Bf6 23. Bxf6 Rxf6 24. e4 Ne5 25. Qe3 Qd3 26. Qxa7 fxe4 27. Nd4
e3 28. f4 Nc4 29. Qxb7 Bg4 30. Re1 Rcf8 31. Qxe7 Bd1 32. Be4 Bxc2 33. Bxd3 Bxd3
34. Ne6 R6f7 35. Qh4 Rb8 36. f5 Rxf5 37. Qd4 Ne5 38. Qa7 1-0

[Event "OLSW 1718 SC Caissa Schwarzenbach - Gam"]
[Site "?"]
[Date "2018.02.25"]
[Round "9.1"]
[White "Pucher, Sebastien"]
[Black "Frischmann, Rick"]
[Result "0-1"]
[WhiteElo "2300"]
[BlackElo "2338"]
[PlyCount "148"]
[EventDate "2018.??.??"]

1. Nf3 Nf6 2. c4 c5 3. b3 d5 4. cxd5 Nxd5 5. Bb2 Nc6 6. e3 Ndb4 7. Nc3 Bf5 8.
e4 Bg4 9. Rc1 e6 10. h3 Bh5 11. a3 Nd3+ 12. Bxd3 Qxd3 13. Qe2 Ne5 14. Nxe5 Bxe2
15. Nxd3 Bxd3 16. f3 Rd8 17. Na4 b6 18. Bc3 f5 19. exf5 exf5 20. Nb2 Ba6 21.
Kd1 Kf7 22. Nc4 Bxc4 23. bxc4 Be7 24. Re1 Rhe8 25. Re5 g6 26. Kc2 Bf6 27. Rxe8
Rxe8 28. Kd3 f4 29. Bxf6 Kxf6 30. h4 Kg7 31. a4 Kh6 32. a5 Kh5 33. axb6 axb6
34. Rh1 Re6 35. Rh2 Re1 36. Kc3 Kh6 37. Kd3 Kg7 38. Rh3 h5 39. Rh2 Kf6 40. Rh3
Rg1 41. Rh2 Ke5 42. Kc3 Rc1+ 43. Kd3 Ra1 44. Kc3 Ra3+ 45. Kb2 Rd3 46. Kc2 Kd4
47. Rh1 Kxc4 48. Re1 b5 49. Re6 b4 50. Rxg6 b3+ 51. Kc1 Rd7 52. Rg5 Ra7 53. Rf5
Ra1+ 54. Kb2 Ra2+ 55. Kc1 Kb4 56. Rd5 c4 57. Kb1 Rc2 58. Rd8 c3 59. dxc3+ Kxc3
60. Rc8+ Kd3 61. Rg8 Ke3 62. Rg5 Kf2 63. Rf5 Kg3 64. Rg5+ Kxh4 65. Rg8 Rc5 66.
Rg7 Rg5 67. Rf7 Rxg2 68. Rxf4+ Kg3 69. Rf8 h4 70. Rg8+ Kxf3 71. Rh8 Kg3 72.
Rg8+ Kh2 73. Rh8 h3 74. Rh7 Kg3 0-1

[Event "OLSW 1718 SC Caissa Schwarzenbach - Gam"]
[Site "?"]
[Date "2018.02.25"]
[Round "9.2"]
[White "Wild, Achim"]
[Black "Muller, Etienne"]
[Result "1-0"]
[WhiteElo "2239"]
[BlackElo "2136"]
[PlyCount "51"]
[EventDate "2018.??.??"]

1. Nf3 Nf6 2. g3 g6 3. b3 Bg7 4. Bb2 O-O 5. Bg2 c6 6. O-O Qa5 7. Re1 d6 8. e4
Qh5 9. d4 Bg4 10. Nbd2 Nbd7 11. Qe2 e5 12. Qf1 exd4 13. Nxd4 c5 14. Nb5 Nxe4
15. Rxe4 Bxb2 16. Rb1 Be5 17. f4 d5 18. Ree1 Bb8 19. Nc3 Nf6 20. Qb5 Bc7 21.
Qxb7 Ba5 22. Re5 Bf5 23. Bf3 Ng4 24. Bxg4 Qxg4 25. Nxd5 Kh8 26. Qe7 1-0

[Event "OLSW 1718 SC Caissa Schwarzenbach - Gam"]
[Site "?"]
[Date "2018.02.25"]
[Round "9.3"]
[White "Erhardt, Michael"]
[Black "Holle, Cedric"]
[Result "1/2-1/2"]
[WhiteElo "2094"]
[BlackElo "2092"]
[PlyCount "150"]
[EventDate "2018.??.??"]

1. e4 e6 2. d4 d5 3. Nc3 Nf6 4. Bg5 Be7 5. e5 Nfd7 6. Bxe7 Qxe7 7. f4 a6 8. Qd2
c5 9. dxc5 Nc6 10. Nf3 Qxc5 11. a3 b5 12. b4 Qb6 13. Bd3 Bb7 14. Qf2 Qxf2+ 15.
Kxf2 Rc8 16. Ne2 f6 17. exf6 gxf6 18. Rhe1 Kf7 19. Nc1 Rc7 20. Nb3 Bc8 21. Rad1
h6 22. Rd2 Re8 23. Bf1 Ne7 24. Bd3 Nb6 25. Nc5 Nc6 26. Rde2 Rce7 27. Nh4 Rg8
28. Nf3 Rge8 29. Nh4 Rg8 30. g3 Nd4 31. Rd2 Nc6 32. Be2 Nd8 33. Bh5+ Kf8 34.
Ng6+ Rxg6 35. Bxg6 Nc4 36. Rd3 Nc6 37. Bh5 Kg7 38. Bg4 Kf7 39. Bh3 Re8 40. Bg4
Re7 41. Bh5+ Kg7 42. Bf3 Kf8 43. Rc3 Nd4 44. Rd1 Nf5 45. Be2 d4 46. Rf3 Nce3
47. Rd2 Kg7 48. Bd3 e5 49. Bxf5 Bxf5 50. Rxe3 dxe3+ 51. Kxe3 Kg6 52. c3 exf4+
53. Kxf4 Re1 54. Rd6 Rc1 55. Rxa6 Rxc3 56. Ne4 Bxe4 57. Kxe4 Kg5 58. Ra5 Kg4
59. Kd4 Rc2 60. Rxb5 Rxh2 61. a4 h5 62. a5 Ra2 63. Rb6 Kxg3 64. Rxf6 h4 65. Rh6
h3 66. Kc5 h2 67. Kb6 Ra4 68. Kb5 Ra1 69. a6 h1=Q 70. Rxh1 Rxh1 71. a7 Ra1 72.
Kb6 Kf4 73. Kb7 Ke5 74. b5 Kd6 75. b6 Kc5 1/2-1/2

[Event "OLSW 1718 SC Caissa Schwarzenbach - Gam"]
[Site "?"]
[Date "2018.02.25"]
[Round "9.4"]
[White "Tabatt, Hendrik"]
[Black "Gross, Georg"]
[Result "1/2-1/2"]
[WhiteElo "2324"]
[BlackElo "2229"]
[PlyCount "64"]
[EventDate "2018.??.??"]

1. e4 Nc6 2. Nf3 d6 3. d4 Nf6 4. Nc3 Bg4 5. d5 Nb8 6. Be2 g6 7. Bf4 Nbd7 8. Qd2
Bg7 9. h3 Bxf3 10. Bxf3 c6 11. Bh6 Bxh6 12. Qxh6 Qb6 13. dxc6 bxc6 14. Rb1 Ne5
15. Be2 g5 16. f4 gxf4 17. Qxf4 h5 18. g3 Rb8 19. Qf2 Rg8 20. Qxb6 axb6 21. Kf2
b5 22. a3 b4 23. axb4 Rxb4 24. b3 h4 25. gxh4 Nxe4+ 26. Nxe4 Rxe4 27. h5 Rg5
28. Rbe1 Rf5+ 29. Kg2 Rg5+ 30. Kf2 Rf5+ 31. Kg2 Rg5+ 32. Kf2 Rf5+ 1/2-1/2